000 00320nam a22001457a 4500
008 210518b ||||| |||| 00| 0 eng d
020 _a9780670024582
041 _aeng
080 _a94
082 _a94
100 _a17
101 _aSHH
245 _aTo Hell and Back Europe 1914-1949
_cKershaw,I
942 _2udc
_cBK
999 _c57403
_d57403